000 012360000a22002650004500
003 EG-GICUC
005 20250223025457.0
008 081012s1991 ua f m 000 0 ara d
040 _aEG-GICUC
_bara
_cEG-GICUC
041 0 _aAra
049 _aاهداء
097 _aدكتوراه
099 _aCai01.02.01.Ph.D.1991.مح.ث
100 0 _aمحمود صادق سليمان
245 1 2 _aالثقافة الخاصة الجانحة ومشكلات التنمية الاجتماعية :
_bدراسة تحليلية لنمط الجرائم الاحترافية فى المجتمع المصرى المعاصر /
_cمحمود صادق سليمان ؛ اشراف عبدالهادى الجوهرى : كمال عبدالحميد الزيات
260 _aالمنيا :
_bمحمود صادق سليمان :
_c1991
300 _a548ورقة ؛
_c30سم
502 _aاطروحة (دكتوراه) - جامعة المنيا - كلية الاداب - قسم الاجتماع
700 0 _aعبدالهادى الجوهرى :
_eمشرف
700 0 _aكمال عبدالحميد الزيات :
_eمشرف
856 _uhttp://172.23.153.220/th.pdf
905 _aEnas
_eCataloger
905 _aMustafa
_eRevisor
942 _2ddc
_cTH
999 _c13831
_d13831